书目信息 |
| 题名: |
数字电子技术
|
|
| 作者: | 刘南平 , 李擎 主编 | |
| 分册: | ||
| 出版信息: | 北京 科学出版社 2005.09 |
|
| 页数: | 257页 | |
| 开本: | 24cm | |
| 丛书名: | 教育 | |
| 单 册: | ||
| 中图分类: | TN79 | |
| 科图分类: | ||
| 主题词: | 数字电路--shu zi dian lu--电子技术--教材 | |
| 电子资源: | ||
| ISBN: | 7-03-015796-6 | |
| 000 | 00890nam 2200265 450 | |
| 001 | 012006892249 | |
| 005 | 20060626102502.18 | |
| 010 | @a7-03-015796-6@dCNY26.00 | |
| 100 | @a20060614d2005 km y0chiy0120 ea | |
| 101 | 0 | @achi |
| 102 | @aCN@b110000 | |
| 105 | @aa a 000yy | |
| 200 | 1 | @a数字电子技术@Ashu zi dian zi ji shu@f刘南平, 李擎主编@Fliu nan ping,li qing zhu bian |
| 210 | @a北京@c科学出版社@d2005.09 | |
| 215 | @a257页@c图@d24cm | |
| 225 | 2 | @a教育@Ajiao yu |
| 320 | @a有书目。 | |
| 330 | @a本书内容包括数字电路基础、集成逻辑门、组合逻辑电路、集成触发器、时序逻辑电路、半导体存储器、脉冲单元电路、模/数转换器和数/模转换器等。 | |
| 410 | 0 | @12001 @a教育 |
| 606 | 0 | @a数字电路@Ashu zi dian lu@x电子技术@j教材 |
| 690 | @aTN79@v4 | |
| 701 | 0 | @a刘南平@Aliu nan ping@4主编 |
| 701 | 0 | @a李擎@Ali qing@4主编 |
| 801 | 0 | @aCN@bQSSK@c20060626 |
| 905 | @a10447@dTN79@eL654 | |
| 数字电子技术/刘南平, 李擎主编.-北京:科学出版社,2005.09 |
| 257页:图;24cm.-(教育) |
| ISBN 7-03-015796-6:CNY26.00 |
| 本书内容包括数字电路基础、集成逻辑门、组合逻辑电路、集成触发器、时序逻辑电路、半导体存储器、脉冲单元电路、模/数转换器和数/模转换器等。 |
| ● |
| 相关链接 |
|
|
|
正题名:数字电子技术
索取号:TN79/L654
 
预约/预借
| 序号 | 登录号 | 条形码 | 馆藏地/架位号 | 状态 | 备注 |
| 1 | 587605 | 205876051 | 自科二线404/301自科库 24排4列2层/ [索取号:TN79/L654] | 在馆 | |
| 2 | 587606 | 205876060 | 自科库301/301自科库 32排2列4层/ [索取号:TN79/L654] | 在馆 | |
| 3 | 587607 | 205876079 | 自科库301/301自科库 32排2列4层/ [索取号:TN79/L654] | 在馆 |